[Event "Werner-Ott-Open Kreuzberger Sommer 2016"]
[Site "Berlin"]
[Date "2016.07.19"]
[Round "4.1"]
[White "Krefenstein, Sergej"]
[Black "Kalinitschew, Sergey"]
[Result "0-1"]
[WhiteElo "2202"]
[BlackElo "2394"]
[PlyCount "104"]
[EventDate "2016.??.??"]
[WhiteTeam "TuS Makkabi Berlin"]
[BlackTeam "SC Kreuzberg"]

1. e4 c5 2. Nf3 Nc6 3. Bb5 e6 4. O-O Nge7 5. Re1 a6 6. Bf1 d5 7. exd5 Nxd5 8.
d4 Nf6 9. c3 Be7 10. dxc5 Qxd1 11. Rxd1 Bxc5 12. Nbd2 O-O 13. Nc4 Ng4 14. Ne3
Nxe3 15. Bxe3 Bxe3 16. fxe3 f6 17. Bc4 Kf7 18. Rd6 Ke7 19. Rad1 Rd8 20. Rxd8
Nxd8 21. Bd3 h6 22. Nd4 Nf7 23. h3 Bd7 24. Kf2 Rc8 25. Be4 Nd6 26. Bf3 Rc7 27.
Be2 a5 28. c4 e5 29. Nb3 Ba4 30. Rc1 Bxb3 31. axb3 Ne4+ 32. Ke1 Nc5 33. Rc3 Rd7
34. Bg4 Rd8 35. Bf5 g6 36. Bxg6 Rg8 37. Bf5 Rxg2 38. Rc2 Rg5 39. Rf2 Nxb3 40.
Kd1 Nc5 41. Kd2 Kd6 42. Kc3 Rg3 43. Kd2 Ke7 44. Ke2 e4 45. Rf4 Rg2+ 46. Kd1
Rxb2 47. Bxe4 a4 48. Bc2 a3 49. Kc1 Rb4 50. Kd2 b5 51. Kc3 a2 52. Kxb4 Na6+ 0-1

[Event "Werner-Ott-Open Kreuzberger Sommer 2016"]
[Site "Berlin"]
[Date "2016.07.19"]
[Round "4.2"]
[White "Rietze, Clemens"]
[Black "Roseneck, Jonas"]
[Result "1-0"]
[WhiteElo "2359"]
[BlackElo "2107"]
[PlyCount "135"]
[EventDate "2016.??.??"]
[WhiteTeam "SC Rotation Pankow"]
[BlackTeam "AE Magdeburg"]

1. d4 Nf6 2. c4 g6 3. Nc3 Bg7 4. e4 d6 5. f3 O-O 6. Be3 Nc6 7. Nge2 a6 8. Qd2
Na5 9. Nc1 Nd7 10. b4 Nc6 11. Rb1 e5 12. d5 Nd4 13. N1e2 a5 14. a3 axb4 15.
axb4 f5 16. Nxd4 exd4 17. Bxd4 Bxd4 18. Qxd4 Ne5 19. Be2 Qh4+ 20. g3 Qf6 21.
Kd1 f4 22. Kc2 fxg3 23. hxg3 Nxf3 24. Qxf6 Rxf6 25. Ra1 Rxa1 26. Rxa1 Ng5 27.
Kd3 c6 28. Ke3 Kg7 29. Ra8 Rf8 30. dxc6 bxc6 31. b5 cxb5 32. cxb5 Bb7 33. Ra7
Rf7 34. Bc4 Rc7 35. Bd5 Rxc3+ 36. Kd4 Rc1 37. Bxb7 Ne6+ 38. Ke3 Kf6 39. Bd5 Rb1
40. Rd7 Nc5 41. Rxd6+ Ke7 42. Rb6 Rb4 43. Rb8 Nd7 44. Rb7 Kd6 45. Kf4 h6 46.
Bc6 Ne5 47. Rh7 h5 48. Rh8 g5+ 49. Kf5 Nxc6 50. Rh6+ Ke7 51. bxc6 h4 52. gxh4
gxh4 53. Rxh4 Rc4 54. c7 Kd7 55. Rh7+ Kc8 56. e5 Rc6 57. e6 Rc1 58. Kf6 Rf1+
59. Ke7 Kxc7 60. Ke8+ Kc8 61. Rh4 Kc7 62. e7 Re1 63. Rc4+ Kd6 64. Rd4+ Kc7 65.
Rd3 Rf1 66. Rc3+ Kb7 67. Rc4 Rf2 68. Kd7 1-0

[Event "Werner-Ott-Open Kreuzberger Sommer 2016"]
[Site "Berlin"]
[Date "2016.07.19"]
[Round "4.3"]
[White "Ferster, Fabian"]
[Black "Von Herman, Ulf"]
[Result "1/2-1/2"]
[WhiteElo "2170"]
[BlackElo "2341"]
[PlyCount "88"]
[EventDate "2016.??.??"]
[WhiteTeam "SK Ottenau"]
[BlackTeam "SK König Tegel"]

1. d4 Nf6 2. c4 e6 3. Nf3 d5 4. Nc3 Bb4 5. cxd5 exd5 6. Qa4+ Nc6 7. Bg5 h6 8.
Bxf6 Qxf6 9. e3 O-O 10. Be2 Rd8 11. O-O Be6 12. a3 Bxc3 13. bxc3 a6 14. Qc2 Bf5
15. Bd3 Bxd3 16. Qxd3 Qe6 17. Nd2 Na5 18. Rab1 b6 19. Rfc1 c5 20. Qe2 Rdc8 21.
Qd1 cxd4 22. cxd4 Nc4 23. Nxc4 Rxc4 24. Qb3 Rac8 25. Rxc4 dxc4 26. Qc3 b5 27.
f3 f5 28. Re1 Qb6 29. g3 Rd8 30. Kg2 g5 31. Rd1 Qc6 32. Qc2 Qe6 33. e4 fxe4 34.
fxe4 Qf6 35. Qf2 Qxf2+ 36. Kxf2 a5 37. Ke3 b4 38. axb4 axb4 39. d5 Rc8 40. Kd4
Ra8 41. Rc1 Ra2 42. Ke3 c3 43. Kd3 Kf7 44. Rc2 Rxc2 1/2-1/2

[Event "Werner-Ott-Open Kreuzberger Sommer 2016"]
[Site "Berlin"]
[Date "2016.07.19"]
[Round "4.4"]
[White "Zschäbitz, Klaus"]
[Black "Niehaus, Frank"]
[Result "0-1"]
[WhiteElo "2075"]
[BlackElo "2214"]
[PlyCount "158"]
[EventDate "2016.??.??"]
[WhiteTeam "Berliner SchGes Eckbauer"]
[BlackTeam "SK König Tegel"]

1. c4 Nf6 2. Nc3 g6 3. g3 Bg7 4. Bg2 O-O 5. e4 d6 6. Nge2 e5 7. O-O Nc6 8. d3
Nd7 9. Be3 Nd4 10. f4 f5 11. Qd2 a5 12. Bxd4 exd4 13. Nb5 fxe4 14. dxe4 d3 15.
Qxd3 Bxb2 16. Rab1 Bg7 17. Qd5+ Kh8 18. Nbd4 Nc5 19. e5 c6 20. Qxd6 Qxd6 21.
exd6 Rd8 22. Nb3 Nxb3 23. axb3 Rxd6 24. Rbd1 Rxd1 25. Rxd1 Bf5 26. Rd2 Bf6 27.
Nd4 Rd8 28. Nf3 Rxd2 29. Nxd2 Bc3 30. Ne4 Bd4+ 31. Kf1 b5 32. cxb5 cxb5 33. Nd6
Bd3+ 34. Ke1 a4 35. bxa4 bxa4 36. Kd2 a3 37. Bd5 Bb1 38. Nb5 Bb2 39. Nc3 Bf5
40. Ba2 Kg7 41. Nd5 Kf8 42. Ne3 Bd7 43. Kd3 Ke7 44. Kc2 Ba4+ 45. Kb1 Bc6 46.
Kc2 Be4+ 47. Kd2 Kd6 48. g4 Kc5 49. h4 h5 50. gxh5 gxh5 51. Nc2 Kd6 52. Bf7 Bf3
53. Ke3 Bg4 54. Ke4 Ke7 55. Bc4 Kf6 56. Nb4 Bf5+ 57. Kf3 Kg6 58. Ba2 Bf6 59.
Kg3 Bc3 60. Nd5 Be1+ 61. Kh2 Bxh4 62. Ne3 Bc8 63. Bb1+ Kf7 64. Nc4 Be7 65. Nxa3
Bxa3 66. Be4 h4 67. Bg2 Bd6 68. Bh3 Bxf4+ 69. Kg2 Bb7+ 70. Kg1 Kf6 71. Bg2 Bc8
72. Kh1 Ke5 73. Bf3 Kd4 74. Kg2 Ke3 75. Bc6 Bg3 76. Kg1 Kf4 77. Bd5 Be1 78. Bc6
Kg3 79. Bg2 h3 0-1

[Event "Werner-Ott-Open Kreuzberger Sommer 2016"]
[Site "Berlin"]
[Date "2016.07.19"]
[Round "4.5"]
[White "Hahlbohm, Matthias"]
[Black "Johansson, Thomas"]
[Result "1/2-1/2"]
[WhiteElo "2103"]
[BlackElo "2222"]
[PlyCount "99"]
[EventDate "2016.??.??"]
[WhiteTeam "TSG Oberschöneweide"]
[BlackTeam "Uppsala ASS"]

1. e4 e6 2. d4 d5 3. e5 c5 4. c3 Nc6 5. Nf3 Qb6 6. a3 c4 7. g3 Bd7 8. Bh3 Na5
9. Nbd2 Ne7 10. O-O Nf5 11. Re1 Be7 12. Nf1 Nb3 13. Rb1 Nxc1 14. Qxc1 h6 15.
Ne3 g6 16. Bxf5 gxf5 17. Qd1 Rc8 18. Ng2 a5 19. Nf4 Qb3 20. Qe2 Rc6 21. Nh5 Rb6
22. Qd2 Qa2 23. Qc1 Qb3 24. h4 Ba4 25. Nf4 Qc2 26. Nd2 Qxc1 27. Rexc1 Bb3 28.
Nxb3 Rxb3 29. Ne2 Kd7 30. Kf1 Kc6 31. Ke1 Kb5 32. Kd2 Ka4 33. Rg1 Rg8 34. Kc2
Rb6 35. Rh1 Rc6 36. Rbg1 Rcc8 37. Rb1 b5 38. Ra1 Rg4 39. Nf4 Rcg8 40. Rhb1 Rxf4
41. gxf4 Rg2 42. Rf1 Bxh4 43. Rae1 Rg4 44. Re2 Rxf4 45. f3 Bg5 46. Rh2 b4 47.
axb4 axb4 48. Ra1+ Kb5 49. Rf1 Ka4 50. Ra1+ 1/2-1/2

[Event "Werner-Ott-Open Kreuzberger Sommer 2016"]
[Site "Berlin"]
[Date "2016.07.19"]
[Round "4.6"]
[White "Johansson, Gunnar"]
[Black "Sidabras, Jonas"]
[Result "1-0"]
[WhiteElo "2205"]
[BlackElo "1953"]
[PlyCount "89"]
[EventDate "2016.??.??"]
[WhiteTeam "Solna Schacksällskap"]
[BlackTeam "SC Kreuzberg"]

1. d4 d5 2. c4 c6 3. Nc3 Nf6 4. e3 e6 5. Nf3 Nbd7 6. Bd3 Bd6 7. e4 dxe4 8. Nxe4
Nxe4 9. Bxe4 Nf6 10. Bc2 c5 11. O-O O-O 12. Bg5 b6 13. Qd3 g6 14. dxc5 Be7 15.
cxb6 Qxd3 16. Bxd3 axb6 17. Rfd1 Bb7 18. Be2 Kg7 19. Be3 Bc5 20. Bd4 Rfd8 21.
Bxc5 bxc5 22. Rxd8 Rxd8 23. Kf1 Kf8 24. a4 Bc6 25. b3 Ne4 26. Rd1 Rb8 27. Rd3
Ke8 28. Ke1 Rb6 29. Nd2 Nf6 30. f4 Bb7 31. Bf3 Bxf3 32. Nxf3 Nh5 33. g3 f6 34.
Kd2 Ke7 35. Kc3 Ng7 36. Nd2 Ne8 37. Ne4 Rc6 38. b4 cxb4+ 39. Kxb4 Nc7 40. a5 e5
41. fxe5 fxe5 42. c5 Ra6 43. Ka4 Ra8 44. c6 Na6 45. Kb5 1-0

[Event "Werner-Ott-Open Kreuzberger Sommer 2016"]
[Site "Berlin"]
[Date "2016.07.19"]
[Round "4.7"]
[White "Rosmann, Ilja"]
[Black "Matitschka, Heinz"]
[Result "1-0"]
[WhiteElo "2288"]
[BlackElo "1894"]
[PlyCount "55"]
[EventDate "2016.??.??"]
[WhiteTeam "Königsspr. SC"]
[BlackTeam "TSG Oberschöneweide"]

1. e4 e6 2. d3 d5 3. Nd2 Nc6 4. Ngf3 Nf6 5. g3 Bc5 6. Bg2 O-O 7. O-O a6 8. e5
Nd7 9. Nb3 Ba7 10. d4 f6 11. exf6 Nxf6 12. Bf4 Ne4 13. Qc1 Bd7 14. c3 Ne7 15.
Ne5 Bb5 16. Re1 Nxf2 17. Kxf2 g5 18. Bh3 gxf4 19. Bxe6+ Kg7 20. Nf7 Rxf7 21.
Bxf7 fxg3+ 22. Kxg3 Kxf7 23. Qh6 Qf8 24. Qxh7+ Ke8 25. Kg2 Rd8 26. Re3 Rd7 27.
Rae1 Kd8 28. Rf3 1-0

[Event "Werner-Ott-Open Kreuzberger Sommer 2016"]
[Site "Berlin"]
[Date "2016.07.19"]
[Round "4.8"]
[White "Heerde, Thomas"]
[Black "Kohler, Thomas"]
[Result "0-1"]
[WhiteElo "2006"]
[BlackElo "2194"]
[PlyCount "86"]
[EventDate "2016.??.??"]
[WhiteTeam "SC Weisse Dame (Berlin)"]
[BlackTeam "SC Zitadelle Spandau"]

1. e4 e5 2. Nf3 Nc6 3. Bb5 a6 4. Ba4 Nf6 5. O-O Be7 6. Re1 b5 7. Bb3 d6 8. c3
O-O 9. h3 Nb8 10. d4 Nbd7 11. Nbd2 Bb7 12. a4 c5 13. d5 c4 14. Bc2 Nc5 15. axb5
axb5 16. Rxa8 Qxa8 17. Nf1 Bc8 18. Ng3 Bd7 19. Nh4 g6 20. Nf3 Rc8 21. Nh2 Rc7
22. f4 Ne8 23. Rf1 Qd8 24. Qf3 exf4 25. Bxf4 Bc8 26. Ne2 Bg5 27. Nd4 Qf6 28.
Nxb5 Bxf4 29. Ng4 Bxg4 30. hxg4 Rb7 31. Nxd6 Qxd6 32. Qxf4 Qxf4 33. Rxf4 Rxb2
34. Rf2 Nd6 35. e5 Nb5 36. g5 Nxc3 37. d6 Nd7 38. e6 fxe6 39. Kf1 Nd5 40. Ke1
Nc5 41. Kd2 Ra2 42. Ke1 Nb4 43. Rd2 Nxc2+ 0-1

[Event "Werner-Ott-Open Kreuzberger Sommer 2016"]
[Site "Berlin"]
[Date "2016.07.19"]
[Round "4.9"]
[White "Böttcher, Patrick"]
[Black "Jurkatis, Hagen"]
[Result "1/2-1/2"]
[WhiteElo "2169"]
[BlackElo "1985"]
[PlyCount "50"]
[EventDate "2016.??.??"]
[WhiteTeam "SC Zitadelle Spandau"]
[BlackTeam "SC Kreuzberg"]

1. d4 d6 2. c4 g6 3. Nc3 Bg7 4. e4 e5 5. Be3 exd4 6. Bxd4 Nf6 7. Nf3 Nc6 8. Be3
O-O 9. Be2 Re8 10. Qc2 h6 11. h3 b6 12. O-O Bb7 13. a3 Kh7 14. b4 a5 15. Rab1
axb4 16. axb4 Rc8 17. c5 dxc5 18. bxc5 Qe7 19. Nd2 Nd8 20. f3 Nh5 21. Rfc1 Qf6
22. Qb3 Nf4 23. Bc4 Qg5 24. Bxf4 Qxf4 25. Nf1 Bd4+ {(=)} 1/2-1/2

[Event "Werner-Ott-Open Kreuzberger Sommer 2016"]
[Site "Berlin"]
[Date "2016.07.19"]
[Round "4.10"]
[White "Lindenau, Jorge"]
[Black "Gebigke, Martin"]
[Result "1/2-1/2"]
[WhiteElo "1992"]
[BlackElo "2141"]
[PlyCount "167"]
[EventDate "2016.??.??"]
[WhiteTeam "SC Kreuzberg"]
[BlackTeam "SC Kreuzberg"]

1. e4 c5 2. Nf3 d6 3. Bb5+ Bd7 4. Bxd7+ Qxd7 5. c4 Nf6 6. Nc3 g6 7. d4 cxd4 8.
Nxd4 Bg7 9. h3 O-O 10. O-O Rc8 11. b3 b5 12. Ndxb5 Nxe4 13. Bb2 Nc6 14. Rb1
Nxc3 15. Nxc3 Nd4 16. Nd5 Nf5 17. Re1 Re8 18. Qd3 e5 19. Re2 Qb7 20. Qe4 Rab8
21. Ree1 Re6 22. Qd3 a5 23. Bc3 Qa7 24. Bd2 Rbe8 25. Be3 Nxe3 26. Qxe3 Qxe3 27.
Rxe3 Rc8 28. Rd1 Bf8 29. Nb6 Rc6 30. Nd5 f5 31. Nf4 Re8 32. Nd5 Kf7 33. Red3 e4
34. R3d2 Bh6 35. Re2 Bg7 36. Rc2 Be5 37. Nc3 Ra8 38. Nb5 Ke7 39. a4 h5 40. Rcd2
h4 41. Rd5 Rb8 42. Na7 Ra6 43. Nb5 Rc8 44. Kf1 Rcc6 45. Kg1 Ra8 46. Kf1 Raa6
47. Kg1 Ra8 48. Kf1 Rb8 49. Na7 Ra6 50. Nb5 Rc8 51. Kg1 Bf4 52. Kf1 Rcc6 53.
Nd4 Rc5 54. Nb5 Rxd5 55. Rxd5 Rc6 56. Na7 Rc5 57. Ke2 Kd7 58. Nb5 Rxd5 59. cxd5
Be5 60. Na3 Bc3 61. f3 exf3+ 62. Kxf3 Ke7 63. Nc4 Bb4 64. Kf4 Kf6 65. Kf3 Kg5
66. Ne3 Kf6 67. Nc4 Kg5 68. Ne3 Kh5 69. Nc2 Bc5 70. Ne1 g5 71. Nd3 Kg6 72. Nxc5
dxc5 73. Ke3 Kf6 74. Kd3 Ke5 75. Kc4 Kd6 76. Kb5 g4 77. Kxa5 gxh3 78. gxh3 f4
79. Kb6 f3 80. a5 f2 81. a6 f1=Q 82. a7 Qxh3 83. b4 Qb3 84. b5 Qa4 85. a8=Q
Qxa8 1/2-1/2

[Event "Werner-Ott-Open Kreuzberger Sommer 2016"]
[Site "Berlin"]
[Date "2016.07.19"]
[Round "4.11"]
[White "Federau, Jürgen"]
[Black "Jeß, Arne"]
[Result "1-0"]
[WhiteElo "2115"]
[BlackElo "1910"]
[PlyCount "125"]
[EventDate "2016.??.??"]
[WhiteTeam "SC Kreuzberg"]
[BlackTeam "TSG Fredersdorf/Vogelsdorf"]

1. d4 d5 2. Nf3 Nf6 3. c4 e6 4. Nc3 c6 5. e3 Nbd7 6. Bd3 Bd6 7. O-O O-O 8. e4
dxe4 9. Nxe4 Nxe4 10. Bxe4 e5 11. dxe5 Nxe5 12. Nxe5 Bxe5 13. Bxh7+ Kxh7 14.
Qh5+ Kg8 15. Qxe5 Re8 16. Qc3 Re6 17. Bf4 c5 18. Rad1 Qe8 19. Rd3 Rg6 20. Re1
Be6 21. b3 Qc6 22. f3 Re8 23. Rd6 Qc8 24. Qd2 Kh7 25. Qf2 Kg8 26. Re5 b6 27.
Qh4 f6 28. Re2 Re7 29. Qe1 Kf7 30. Rd3 Qc6 31. Rde3 Re8 32. h4 f5 33. h5 Rf6
34. Bg5 f4 35. Re4 Rf5 36. Rxf4 Rxf4 37. Bxf4 Rh8 38. h6 gxh6 39. Qh4 Kg6 40.
Re5 Bf5 41. Re7 Rh7 42. Rxh7 Kxh7 43. Qe7+ Kg6 44. Qxa7 Qe6 45. Bg3 Bb1 46. Kh2
h5 47. Bc7 Qe7 48. Qxb6+ Kf5 49. Bg3 Bxa2 50. Qh6 Bxb3 51. Qxh5+ Qg5 52. Qf7+
Qf6 53. Qd5+ Kg6 54. Qd3+ Kf7 55. Qxb3 Qh6+ 56. Kg1 Qc1+ 57. Kf2 Qd2+ 58. Kg1
Qc1+ 59. Be1 Qg5 60. Qd3 Qe7 61. Qf5+ Kg8 62. Qg6+ Kf8 63. Bg3 1-0

[Event "Werner-Ott-Open Kreuzberger Sommer 2016"]
[Site "Berlin"]
[Date "2016.07.19"]
[Round "4.12"]
[White "Bonnez, Finn"]
[Black "Hannebauer, Torsten"]
[Result "1/2-1/2"]
[WhiteElo "1885"]
[BlackElo "2114"]
[PlyCount "35"]
[EventDate "2016.??.??"]
[WhiteTeam "Kopenhagen"]
[BlackTeam "TSG Oberschöneweide"]

1. d4 Nf6 2. Nf3 g6 3. Nbd2 Bg7 4. e4 d6 5. Bc4 O-O 6. O-O c6 7. Re1 d5 8. exd5
Nxd5 9. c3 Nd7 10. Ne4 N7f6 11. Nxf6+ Bxf6 12. Ne5 Bf5 13. Qf3 Bg7 14. Bb3 a5
15. Ng4 a4 16. Bxd5 Qxd5 17. Qxd5 cxd5 18. Nh6+ {(=)} 1/2-1/2

[Event "Werner-Ott-Open Kreuzberger Sommer 2016"]
[Site "Berlin"]
[Date "2016.07.19"]
[Round "4.13"]
[White "Bjarnehag, Peter"]
[Black "Schmalzried, Volker"]
[Result "1-0"]
[WhiteElo "2111"]
[BlackElo "1883"]
[PlyCount "67"]
[EventDate "2016.??.??"]
[WhiteTeam "Solna Schacksällskap"]
[BlackTeam "ohne Verein"]

1. Nf3 c5 2. c4 Nc6 3. Nc3 g6 4. e3 Bg7 5. d4 cxd4 6. exd4 Nf6 7. d5 Nb4 8. Be2
O-O 9. O-O d6 10. h3 Bf5 11. Nd4 Bd7 12. Be3 Na6 13. Rc1 Nc7 14. b4 a6 15. a4
e6 16. dxe6 Nxe6 17. Bf3 Nxd4 18. Bxd4 Bc6 19. b5 axb5 20. axb5 Bxf3 21. Qxf3
Rc8 22. Qxb7 Rxc4 23. Bxf6 Bxf6 24. Nd5 Rc5 25. Rxc5 dxc5 26. Qc6 Bd4 27. b6
Qc8 28. Qxc8 Rxc8 29. b7 Rb8 30. Rb1 Kf8 31. Nc7 Be5 32. Na6 Bd6 33. Nxb8 Bxb8
34. Rc1 1-0

[Event "Werner-Ott-Open Kreuzberger Sommer 2016"]
[Site "Berlin"]
[Date "2016.07.19"]
[Round "4.14"]
[White "Zahn, Benno"]
[Black "Hohn, August"]
[Result "1-0"]
[WhiteElo "2105"]
[BlackElo "1864"]
[PlyCount "43"]
[EventDate "2016.??.??"]
[WhiteTeam "SV Hellas Nauen"]
[BlackTeam "SC Zugzwang 95 (Berlin)"]

1. e4 c6 2. d4 d5 3. Nd2 dxe4 4. Nxe4 Nf6 5. Nxf6+ exf6 6. c3 Bd6 7. Bd3 O-O 8.
Ne2 Qc7 9. Qc2 h6 10. h3 Re8 11. Be3 Nd7 12. O-O Nf8 13. Rfe1 b6 14. c4 Ne6 15.
c5 bxc5 16. dxc5 Be7 17. Rac1 a5 18. Qa4 Ba6 19. Bb1 Bxe2 20. Qc2 Nf8 21. Rxe2
Rab8 22. Rce1 1-0

[Event "Werner-Ott-Open Kreuzberger Sommer 2016"]
[Site "Berlin"]
[Date "2016.07.19"]
[Round "4.15"]
[White "Dathe, Frederick"]
[Black "Shapiro, Yosip"]
[Result "1/2-1/2"]
[WhiteElo "1866"]
[BlackElo "2099"]
[PlyCount "153"]
[EventDate "2016.??.??"]
[WhiteTeam "SC Kreuzberg"]
[BlackTeam "SV Berolina Mitte"]

1. Nf3 Nf6 2. c4 g6 3. d4 Bg7 4. Nc3 O-O 5. g3 d6 6. Bg2 Nc6 7. O-O Rb8 8. e4
a6 9. a3 Na5 10. Nd2 c5 11. dxc5 dxc5 12. b4 Qd3 13. Qf3 Qxf3 14. Bxf3 Ng4 15.
Bb2 cxb4 16. axb4 Nc6 17. b5 Nd4 18. Rab1 Ne5 19. Bg2 Bg4 20. Nd5 Ndf3+ 21.
Nxf3 Nxf3+ 22. Bxf3 Bxf3 23. Nxe7+ Kh8 24. Bxg7+ Kxg7 25. Rfe1 Rbe8 26. Nd5
Rxe4 27. Rxe4 Bxe4 28. Ra1 axb5 29. Nc3 Bd3 30. cxb5 Rc8 31. Ra3 b6 32. Kg2 Rc5
33. Na4 Be4+ 34. f3 Rc2+ 35. Kh3 Bf5+ 36. g4 Bd7 37. Rb3 Be6 38. Rb1 h5 39.
Nxb6 Rc3 40. Kg2 hxg4 41. fxg4 Bxg4 42. Na4 Ra3 43. Nc5 Bf3+ 44. Kf2 Bd5 45.
Rb2 Rf3+ 46. Kg1 Rc3 47. Na6 Rc4 48. Kf2 Bb7 49. Nb4 {(=)} f5 50. Nd3 Rc3 51.
Ke3 Be4 52. Rd2 Rb3 53. b6 Rxb6 54. Nc5 Bb1 55. Rd7+ Kh6 56. Rb7 Rxb7 57. Nxb7
Kg5 58. Kf2 Kg4 59. Nd6 Ba2 60. Nb5 Bc4 61. Nc3 Kf4 62. Nd1 Bb3 63. Ne3 Ke4 64.
Nf1 Bd5 65. Ng3+ Ke5 66. Nf1 f4 67. Nd2 Kd4 68. Nb1 Kd3 69. Na3 Be6 70. Nb1 g5
71. Na3 Kc3 72. Nb1+ Kd3 73. Na3 Bc4 74. Nb1 Bb3 75. Na3 Bc4 76. Nxc4 Kxc4 77.
Kf3 1/2-1/2

[Event "Werner-Ott-Open Kreuzberger Sommer 2016"]
[Site "Berlin"]
[Date "2016.07.19"]
[Round "4.16"]
[White "Wallgren, Ulf"]
[Black "Karlsson, Kjell"]
[Result "1-0"]
[WhiteElo "2095"]
[BlackElo "1822"]
[PlyCount "63"]
[EventDate "2016.??.??"]
[WhiteTeam "Solna Schacksällskap"]
[BlackTeam "Solna Schacksällskap"]

1. e4 e6 2. d4 d5 3. e5 c5 4. c3 Nc6 5. Nf3 cxd4 6. cxd4 Nge7 7. Bd3 h6 8. Nc3
Nf5 9. Bxf5 exf5 10. O-O Be6 11. Bd2 Be7 12. a3 O-O 13. b4 Rc8 14. Na4 Re8 15.
Qb3 Bf8 16. Rac1 Ne7 17. Nc5 b6 18. Nb7 Qd7 19. Nd6 Rxc1 20. Rxc1 Rd8 21. Qd3
Nc6 22. b5 Nb8 23. Bb4 Bxd6 24. Bxd6 Rc8 25. Rc2 Qb7 26. Rc3 Nd7 27. Qc2 Rc4
28. Nd2 Rxd4 29. Rc7 Qa8 30. Rc8+ Qxc8 31. Qxc8+ Kh7 32. Qc3 1-0

[Event "Werner-Ott-Open Kreuzberger Sommer 2016"]
[Site "Berlin"]
[Date "2016.07.19"]
[Round "4.17"]
[White "Scholta, Danilo"]
[Black "Barath, Madhan"]
[Result "0-1"]
[WhiteElo "1825"]
[BlackElo "2082"]
[PlyCount "58"]
[EventDate "2016.??.??"]
[WhiteTeam "SV Empor Berlin"]
[BlackTeam "SC Zugzwang 95 (Berlin)"]

1. d4 Nf6 2. e3 e6 3. f4 c5 4. c3 Be7 5. Bd3 d5 6. Nf3 O-O 7. O-O b6 8. Ne5 Ba6
9. Bxa6 Nxa6 10. Qe2 Nc7 11. b3 Nce8 12. Nd2 Nd6 13. Bb2 Rc8 14. Rfc1 Nfe4 15.
Ng4 Nxd2 16. Qxd2 Rc7 17. Rc2 f6 18. Qe2 Qe8 19. Nf2 Qg6 20. Rac1 Rfc8 21. Qg4
Qxg4 22. Nxg4 Nf5 23. c4 h5 24. Nf2 Nxe3 25. Re2 cxd4 26. Bxd4 Nf5 27. Bb2 dxc4
28. bxc4 Rxc4 29. Rce1 Rc2 0-1

[Event "Werner-Ott-Open Kreuzberger Sommer 2016"]
[Site "Berlin"]
[Date "2016.07.19"]
[Round "4.18"]
[White "Witte, Ronald"]
[Black "Lange, Cecilia"]
[Result "1-0"]
[WhiteElo "2016"]
[BlackElo "1771"]
[PlyCount "107"]
[EventDate "2016.??.??"]
[WhiteTeam "BSV 63 Chemie Weißensee"]
[BlackTeam "TSG Oberschöneweide"]

1. d4 d5 2. c4 e6 3. Nc3 Nf6 4. cxd5 exd5 5. Bg5 Be7 6. e3 c6 7. Bd3 h6 8. Bh4
O-O 9. Nge2 Nbd7 10. f3 Re8 11. Bf2 Nf8 12. Qc2 Ne6 13. O-O g6 14. Rad1 Bf8 15.
e4 Bg7 16. e5 Nh7 17. f4 Nhf8 18. f5 gxf5 19. Bxf5 Ng5 20. Ng3 Qe7 21. Bxc8
Raxc8 22. Nf5 Qe6 23. h4 Ngh7 24. Nd6 Ng6 25. Nxe8 Rxe8 26. Bg3 Re7 27. Qf5
Ngf8 28. Ne2 Nd7 29. Qxe6 Rxe6 30. Nf4 Re7 31. Nh5 Nhf8 32. Nxg7 Kxg7 33. h5
Ne6 34. Bh4 Ng5 35. Rf5 Re6 36. Rdf1 f6 37. exf6+ Rxf6 38. Bxg5 hxg5 39. Rxg5+
Kh7 40. Rgf5 Rxf5 41. Rxf5 Kg7 42. h6+ Kxh6 43. Rf7 Nb6 44. b3 Kg5 45. Rxb7 Nc8
46. Rc7 Nd6 47. Rxc6 Nb5 48. Rc5 Nxd4 49. Rxd5+ Nf5 50. b4 Kf6 51. Rxf5+ Kxf5
52. a4 Ke4 53. b5 Kd5 54. g4 1-0

[Event "Werner-Ott-Open Kreuzberger Sommer 2016"]
[Site "Berlin"]
[Date "2016.07.19"]
[Round "4.19"]
[White "Richter, Götz"]
[Black "Eilenberg, Jonas"]
[Result "1/2-1/2"]
[WhiteElo "2013"]
[BlackElo "1485"]
[PlyCount "40"]
[EventDate "2016.??.??"]
[WhiteTeam "Klub Kölner SF"]
[BlackTeam "Schachpinguine Berlin"]

1. d4 d5 2. c4 e6 3. Nf3 c6 4. Qc2 dxc4 5. Qxc4 b5 6. Qc2 Bb7 7. g3 Nf6 8. Bg2
Be7 9. O-O O-O 10. Bf4 Nd5 11. Bd2 a6 12. Nc3 Nd7 13. Nxd5 cxd5 14. a4 b4 15.
a5 Rc8 16. Qb3 Rc4 17. Rfc1 Qc8 18. Be3 Qc7 19. Bf1 Rxc1 20. Bxc1 Rc8 1/2-1/2

[Event "Werner-Ott-Open Kreuzberger Sommer 2016"]
[Site "Berlin"]
[Date "2016.07.19"]
[Round "4.20"]
[White "Schmidt, Fabian"]
[Black "Thesing, Ansgar"]
[Result "1/2-1/2"]
[WhiteElo "1762"]
[BlackElo "2009"]
[PlyCount "64"]
[EventDate "2016.??.??"]
[WhiteTeam "Königsjäger Süd-West"]
[BlackTeam "SC Kreuzberg"]

1. e4 c5 2. Nf3 d6 3. d4 cxd4 4. Nxd4 Nf6 5. Nc3 a6 6. Be2 Nbd7 7. O-O b5 8.
Nd5 Bb7 9. Nxf6+ Nxf6 10. f3 g6 11. Kh1 Bg7 12. c3 O-O 13. a4 e5 14. Nc2 bxa4
15. Rxa4 d5 16. exd5 Nxd5 17. Nb4 a5 18. Nxd5 Bxd5 19. c4 Bc6 20. Qxd8 Rfxd8
21. Ra2 a4 22. Rd1 e4 23. Rxd8+ Rxd8 24. fxe4 Rd4 25. Kg1 Rxe4 26. Kf1 Re8 27.
Bd1 Re4 28. Be2 Re8 29. Bd1 Rb8 30. Bxa4 Bxa4 31. Rxa4 Bxb2 32. Bh6 Be5 {(=)}
1/2-1/2